|
|
|
|
| LEADER |
00000cam a2200000 a 4500 |
| 001 |
vtls001420283 |
| 003 |
SK-MaSNL |
| 005 |
20260425222349.0 |
| 008 |
180814s1978 xo o 00100 slo |
| 035 |
|
|
|a SNK000375118
|
| 040 |
|
|
|a SNK
|b slo
|c SNK
|e AACR2
|
| 041 |
0 |
|
|a slo
|b eng
|b fre
|b ger
|b rus
|
| 043 |
|
|
|a e-xo---
|
| 044 |
|
|
|a xo
|c SK
|
| 072 |
|
7 |
|a 904
|x Kultúrne pamiatky historického obdobia všeobecne
|2 konspekt
|
| 080 |
|
|
|a 904
|2 2001
|
| 080 |
|
|
|a 72:904
|2 2001
|
| 080 |
|
|
|a (083.8)
|2 2001
|
| 245 |
0 |
0 |
|a Pamiatky na Slovensku
|n zväzok štvrtý
|b súpis pamiatok
|c Vendelín Jankovič
|
| 250 |
|
|
|a 1. vyd.
|
| 260 |
|
|
|a Bratislava
|b Obzor
|c 1978
|
| 300 |
|
|
|a 734 s.
|b fotogr.
|c 26 cm
|
| 504 |
|
|
|a Obsahuje reg.
|
| 546 |
|
|
|a Res. v angl., franc., nem., ruš.
|
| 650 |
0 |
7 |
|a kultúrne pamiatky
|2 SNKPH
|9 2862
|
| 650 |
0 |
7 |
|a národné kultúrne pamiatky
|2 SNKPH
|9 31192
|
| 650 |
0 |
7 |
|a architektonické pamiatky
|2 SNKPH
|9 28990
|
| 651 |
|
7 |
|a Slovensko
|2 SNKPH
|9 14231
|
| 655 |
|
7 |
|a súpisy
|2 SNKPH
|9 70480
|
| 700 |
1 |
|
|a Jankovič, Vendelín,
|d 1915-1997
|4 edt
|9 5908
|
| 958 |
|
|
|a OND
|
| 999 |
|
|
|c 554413
|d 556343
|
| 952 |
|
|
|a SNK
|b SNK
|y PREZ
|7 0
|p 17A0970753
|o snkSB 27127/4
|i snkKSP 5579/78
|0 0
|1 0
|4 0
|d 2012-07-26
|f 1
|l 0
|r 2026-02-23 13:20:50
|w 2026-02-23
|
| 952 |
|
|
|t snkSUP/4 904(437.6)
|a SNKUST
|b SNKUST
|y PREZ
|7 0
|p 17A0315907
|o snkSB 27127/4 D1
|i snkKSP 5580/78
|0 0
|1 0
|4 0
|d 2001-09-11
|l 0
|r 2025-04-30 00:00:00
|w 2026-02-23
|